Philosophy | 1 | 5 | 2 | 1 | 55 | 21 | 97.50 | 3 | 6 |
History - World History | 1 | 4 | 2 | 2 | 45 | 46 | 91.20 | 4 | 5 |
British and Commonwealth History | 1 | 1 | 0 | 1 | 25 | 57 | 93.50 | 1 | 2 |
Literature - European Literature | 0 | 3 | 1 | 0 | 25 | 108 | 119.00 | 1 | 3 |
Fine Arts - Auditory Fine Arts | 0 | 2 | 0 | 0 | 20 | 101 | 110.00 | 1 | 2 |
Science - Physics | 0 | 2 | 0 | 1 | 20 | 89 | 108.00 | 0 | 2 |
History - American History | 1 | 1 | 2 | 0 | 15 | 68 | 88.50 | 1 | 2 |
Current Events | 1 | 0 | 0 | 0 | 15 | 47 | 47.00 | 0 | 1 |
Other Science: Math | 1 | 0 | 0 | 0 | 15 | 70 | 70.00 | 0 | 1 |
World and Other Literature | 0 | 2 | 2 | 1 | 10 | 139 | 143.50 | 0 | 2 |
Fine Arts - Auditory Fine Arts | 0 | 1 | 0 | 0 | 10 | 90 | 90.00 | 1 | 1 |
History - World History | 0 | 1 | 0 | 0 | 10 | 99 | 99.00 | 0 | 1 |
Social Science | 0 | 1 | 0 | 0 | 10 | 79 | 79.00 | 1 | 1 |
World and Other Literature | 0 | 1 | 0 | 0 | 10 | 124 | 124.00 | 0 | 1 |
Fine Arts - Visual Fine Arts | 0 | 1 | 0 | 0 | 10 | 123 | 123.00 | 0 | 1 |
Geography | 1 | 0 | 1 | 0 | 10 | 47 | 47.00 | 1 | 1 |
History - European History | 0 | 3 | 4 | 2 | 10 | 84 | 117.33 | 1 | 3 |
Literature - American Literature | 0 | 1 | 0 | 1 | 10 | 137 | 137.00 | 0 | 1 |
Other Arts: Auditory | 0 | 1 | 0 | 0 | 10 | 128 | 128.00 | 1 | 1 |
Science - Biology | 1 | 0 | 1 | 0 | 10 | 35 | 35.00 | 0 | 1 |
Beliefs | 0 | 1 | 1 | 0 | 5 | 110 | 110.00 | 0 | 1 |
Ancient History and Archaeology | 0 | 1 | 1 | 0 | 5 | 113 | 113.00 | 0 | 1 |
Social Science | 0 | 1 | 1 | 1 | 5 | 129 | 129.00 | 0 | 1 |
British and Commonwealth History | 0 | 0 | 1 | 0 | -5 | | 0.00 | 0 | 0 |
Philosophy | 0 | 0 | 1 | 0 | -5 | | 0.00 | 0 | 0 |
Literature - British Literature | 0 | 0 | 1 | 0 | -5 | | 0.00 | 0 | 0 |